|
|
|
|
| LEADER |
00948nam a22002532i 4500 |
| 001 |
000469641 |
| 003 |
CZ BrMZK |
| 005 |
20160411113014.0 |
| 007 |
ta |
| 008 |
000105s1932 sz f ger d |
| 040 |
|
|
|a BOA001
|b cze
|e rda
|
| 072 |
|
7 |
|x Školství (organizace)
|a 371
|2 Konspekt
|9 22
|
| 100 |
1 |
|
|a Steiner, Rudolf,
|d 1861-1925
|7 jn19990009728
|4 aut
|
| 245 |
1 |
0 |
|a Allgemeine Menschenkunde als Grundlage der Pädagogik /
|c R. Steiner ; Nachschrift hg. von Marie Steiner
|
| 264 |
|
1 |
|a Dornach :
|b Philosophisch-Anthroposophischer Verlag am Goetheanum,
|c 1932
|
| 300 |
|
|
|a 217 stran
|
| 336 |
|
|
|a text
|b txt
|2 rdacontent
|
| 337 |
|
|
|a bez média
|b n
|2 rdamedia
|
| 338 |
|
|
|a svazek
|b nc
|2 rdacarrier
|
| 650 |
0 |
7 |
|a studium a výuka
|7 ph136700
|2 czenas
|
| 700 |
1 |
|
|a Steiner, Marie,
|d 1867-1948
|7 uk2005277687
|4 wfw
|
| 910 |
|
|
|a BOA001
|b 2-0246.447
|
| 990 |
|
|
|a BK
|
| 996 |
7 |
|
|b 2619754566
|c 2-0246.447
|l MZK
|r Sklad / do 24 hodin
|n 3
|w 000469641
|u 000010
|a 1
|e BOA001
|j MZK50
|s A
|